| Record ID | ia:environmentalphy0000vern_h4e9 |
| Source | Internet Archive |
| Download MARC XML | https://archive.org/download/environmentalphy0000vern_h4e9/environmentalphy0000vern_h4e9_marc.xml |
| Download MARC binary | https://www.archive.org/download/environmentalphy0000vern_h4e9/environmentalphy0000vern_h4e9_meta.mrc |
LEADER: 03448cam 2200937 a 4500
001 ocm00415291
003 OCoLC
005 20201105184756.0
008 720904s1972 nyua b 001 0 eng
010 $a 70183485
040 $aDLC$beng$cDLC$dSER$dMUQ$dNLGGC$dBTCTA$dNLM$dGBVCP$dCN4X3$dDEBSZ$dOCLCF$dFNN$dYDXCP$dCNUTO$dOCLCO$dWAU$dOCLCA$dUKNRC$dWURST$dL2U$dAKC
015 $a72,A49,0399$2dnb
016 7 $a720209366$2DE-101
016 7 $a0337144$2DNLM
019 $a977323564$a977547957$a1145238615$a1153222899$a1166523594
020 $a0387057218
020 $a9780387057217
020 $a3540057218
020 $a9783540057215
020 $a9783642653360$q(softcover)
020 $a3642653367$q(softcover)
035 $a(OCoLC)415291$z(OCoLC)977323564$z(OCoLC)977547957$z(OCoLC)1145238615$z(OCoLC)1153222899$z(OCoLC)1166523594
050 00 $aQL124$b.V47
060 00 $aQH 541.5.S3$bV5291e 1972
080 $a591.524.1
082 00 $a591.9/2
084 $a42.94$2bcl
084 $a18a$2sdnb
084 $a38.90$2bcl
084 $a42.65$2bcl
084 $a43.50$2bcl
100 1 $aVernberg, Winona B.,$d1924-
245 10 $aEnvironmental physiology of marine animals /$c[by] Winona B. Vernberg and F. John Vernberg.
260 $aNew York :$bSpringer-Verlag,$c1972.
300 $aix, 346 pages :$billustrations ;$c25 cm
336 $atext$btxt$2rdacontent
337 $aunmediated$bn$2rdamedia
338 $avolume$bnc$2rdacarrier
504 $aIncludes bibliographical references and index.
520 $aHighlights physiological mechanisms enabling marine animals to cope with the challenges of their environment.
583 $acommitment to retain$c20151208$2pda$5OTUTLD
505 0 $aThe organism -- The sea -- The intertidal zone -- The estuarine environment -- The coastal and oceanic environment -- The deep sea.
650 0 $aMarine animals$xPhysiology.
650 0 $aMarine ecology.
650 2 $aEcology.
650 2 $aEnvironment.
650 2 $aMarine Biology.
650 6 $aÉcologie marine.
650 6 $aFaune marine$xPhysiologie.
650 7 $a42.94 marine biology.$0(NL-LeOCL)077603613$2bcl
650 7 $aMarine animals$xPhysiology.$2fast$0(OCoLC)fst01009404
650 7 $aMarine ecology.$2fast$0(OCoLC)fst01009513
653 0 $aMarine animals$aPhysiology
653 0 $aMarine ecology
653 00 $awaterdieren
653 00 $aaquatic animals
653 00 $adierfysiologie
653 00 $aanimal physiology
653 00 $amariene gebieden
653 00 $amarine areas
653 00 $azout water
653 00 $asaline water
653 00 $afysische factoren
653 00 $aphysical factors
653 00 $achemische factoren
653 00 $achemical factors
653 10 $aAnimal Physiology and Biochemistry
653 10 $aDierfysiologie en -biochemie
700 1 $aVernberg, F. John,$d1925-$ejoint author.
776 08 $iOnline version:$aVernberg, Winona B., 1924-$tEnvironmental physiology of marine animals.$dNew York, Springer-Verlag, 1972$w(OCoLC)648287167
938 $aBaker and Taylor$bBTCP$n70183485 //r96
938 $aYBP Library Services$bYANK$n12256388
029 1 $aAU@$b000000059321
029 1 $aDEBSZ$b011588322
029 1 $aGBVCP$b021797080
029 1 $aNLGGC$b810355485
029 1 $aNLM$b0337144
029 1 $aNZ1$b4063428
029 1 $aZWZ$b015030369
994 $aZ0$bP4A
948 $hNO HOLDINGS IN P4A - 654 OTHER HOLDINGS